000 00455pab a2200169 454500
008 180718b2014 xxu||||| |||| 00| 0 eng d
100 _aMukhopadhyay, Sandeep
245 _aSurvey of qualitative research methodology in strategy research and implication for Indian researchers
260 _c2014
300 _ap.109-123.
362 _aJun
650 _aResearch
700 _aGupta, Rajen K.
773 _aVision
908 _aN
909 _a104767
999 _c104762
_d104762